Hyphenation using deep neural networks

Elmentve itt :
Bibliográfiai részletek
Szerzők: Németh Gergely Dániel
Ács Judit
Testületi szerző: Magyar Számítógépes Nyelvészeti Konferencia (14.) (2018) (Szeged)
Dokumentumtípus: Könyv része
Megjelent: 2018
Sorozat:Magyar Számítógépes Nyelvészeti Konferencia 14
Kulcsszavak:Nyelvészet - számítógép alkalmazása
Online Access:http://acta.bibl.u-szeged.hu/59041
LEADER 00787naa a2200205 i 4500
001 acta59041
005 20260224081030.0
008 190702s2018 hu o 100 hun d
020 |a 978-963-306-578-5 
040 |a SZTE Egyetemi Kiadványok Repozitórium  |b hun 
041 |a hun 
100 1 |a Németh Gergely Dániel 
245 1 0 |a Hyphenation using deep neural networks  |h [elektronikus dokumentum] /  |c  Németh Gergely Dániel 
260 |c 2018 
300 |a 146-158 
490 0 |a Magyar Számítógépes Nyelvészeti Konferencia  |v 14 
695 |a Nyelvészet - számítógép alkalmazása 
700 0 1 |a Ács Judit  |e aut 
710 |a Magyar Számítógépes Nyelvészeti Konferencia (14.) (2018) (Szeged) 
856 4 0 |u http://acta.bibl.u-szeged.hu/59041/1/msznykonf_014_146-158.pdf  |z Dokumentum-elérés